000 00911nam a22002655a 4500
005 20150817124944.0
006 a||||f ||z| 00| 0
008 110703t2004 ii a|||fr|||| 001 0 eng d
020 _a8120325419
020 _a978812032418
040 _aEG-ScBUE
_beng
_cEG-ScBUE
082 0 4 _a658.40402855369
_bCHA
_222
100 1 _aChatfield, Carl S.,
_926058
245 1 0 _aMicrosoft project 2003 step by step /
_cCarl Chatfield, Timothy Johnson.
260 _aNew Delhi :
_bPrentice Hall of India,
_c2004.
300 _a512 p. :
_bill. ;
_c24 cm. +
_e1 CD-ROM (4 3/4 in.)
500 _aGlossary : p. 485-495.
500 _aIndex : p. 497-512.
590 _ayassmeen ashraf
650 _aProject management
_xComputer programs
_926059
_2BUEsh
_v Handbooks, manuals, etc.
651 _2BUEsh
653 _bCOMSCI
_cAugust2015
700 1 _aJohnson, Timothy.
_d1962-
_926060
942 _cBB
_k005.369 CHA
_2ddc
999 _c529
_d529